| 000 | 00361nam a2200145Ia 4500 | ||
|---|---|---|---|
| 008 | 150201s2008 xx 000 0 und d | ||
| 082 |
_a610.7367 _bM08E |
||
| 100 | _aECKMAN, MARGARET | ||
| 245 | _aMEDICAL SURGICAL NURSING : MADE INCREDIBY EASY | ||
| 250 | _a2ND | ||
| 260 |
_bLIPPINCOTT _aINDIA _c2008 |
||
| 300 | _a953 | ||
| 650 | _aSURGERY | ||
| 942 |
_2ddc _cBK |
||
| 999 |
_c2357 _d2357 |
||